000 00873nam a2200253 a 4500
001 001454890
003 AR-RoUNCS
005 20251110092119.0
008 180909s2018 ag ao cr 001 0 spa
020 _a978-950-02-9996-1
040 _aAR-BaBN
_bspa
_cAR-RoUNCS
_eaacr
041 1 _aspa
_aeng
080 1 _a611.9
_22016
245 0 0 _a50 cosas que debes saber sobre el cuerpo humano.
246 1 _aCincuenta cosas que debes saber sobre el cuerpo humano
250 _a1a ed.
260 _aBuenos Aires :
_bEl Ateneo,
_c2018.
300 _a80 p. :
_bil., fot. ;
_c26 cm.
500 _aTítulo original: 50 things you should know about The human body / traducido por Marcela García Henríquez de Sury
650 4 _aANATOMÍA
_xLIBROS INFANTILES Y JUVENILES
700 1 _aRoyston, Angela
_eaut.
700 1 _aGarcía Henríquez de Sury, Marcela
_etr.
942 _2udc
_cOG
_n0
999 _c707
_d707